EU proposes mining waste controls (Record no. 70229)

MARC details
000 -LEADER
fixed length control field 01058cam a2200217 4500
001 - CONTROL NUMBER
control field WB3817-24
008 - FIXED-LENGTH DATA ELEMENTS--GENERAL INFORMATION
fixed length control field 020509n2002 000 0 eng u
035 ## - SYSTEM CONTROL NUMBER
System control number (Sirsi) u117913
245 ## - TITLE STATEMENT
Title EU proposes mining waste controls
260 ## - PUBLICATION, DISTRIBUTION, ETC.
Date of publication, distribution, etc. 2002
490 ## - SERIES STATEMENT
Series statement RICS Brussels Briefing
Volume/sequential designation 29 April 2002, (1)
520 ## - SUMMARY, ETC.
Summary, etc. A survey carried out for the EC has emphasied the EU's need for European wide minimum requirement for the management of mining and quarry waste. The survey provided a basis for a working paper on mining waste. The survey can viewed at http://europa.eu.int/comm/environment/waste/0204final reportbrgm.pdf. For a copy of the RICS response contact Sian Hughes; t +32 2 733 1019, f +32 2 742 9748, e [email protected]. http://www.rics.org/ricscms/bin/show?class=Brief&template=/includes/showbrief.html&id=344
590 ## - LOCAL NOTE (RLIN)
Local note WB
650 ## - SUBJECT ADDED ENTRY--TOPICAL TERM
Topical term or geographic name entry element MINING
650 ## - SUBJECT ADDED ENTRY--TOPICAL TERM
Topical term or geographic name entry element QUARRIES
650 ## - SUBJECT ADDED ENTRY--TOPICAL TERM
Topical term or geographic name entry element QUARRY WASTES
650 ## - SUBJECT ADDED ENTRY--TOPICAL TERM
Topical term or geographic name entry element MINE WASTE
650 ## - SUBJECT ADDED ENTRY--TOPICAL TERM
Topical term or geographic name entry element EUROPEAN COMMISSION
690 ## - LOCAL SUBJECT ADDED ENTRY--TOPICAL TERM (OCLC, RLIN)
Topical term or geographic name as entry element ENVIRONMENTAL AND LAND CONSULTANCY-WASTE MANAGEMENT
942 ## - ADDED ENTRY ELEMENTS (KOHA)
Suppress in OPAC 0
Holdings
Withdrawn status Lost status Source of classification or shelving scheme Damaged status Not for loan Home library Current library Shelving location Date acquired Total Checkouts Full call number Barcode Date last seen Copy number Price effective from Koha item type
    Dewey Decimal Classification     London London News article 09/05/2002   WB3817-24 117913-1001 06/08/2019 1 06/08/2019 News article